000 00835nam a2200229Ia 4500
003 GCL
008 140319s9999 xx 000 0 ara d
040 _aGCL /
_cGCL
082 0 4 _a796
_bأ ر
100 1 _aايمان بقاعى
245 1 0 _aالرياضة لكل افراد الاسرة /
_cايمان بقاعى
250 _aالاولى
260 _aبيروت :
_bدار الفكر اللبنانى ،
_c1998
300 _a224 ص ؛
_c24 سم
490 _aمكتبة الاسرة النفسية والصحية
_v0
650 0 4 _aالرياضة البدنية
650 0 4 _aالتمرينات الرياضية
650 0 4 _aالرياضة البدنية للاطفال
650 0 4 _aالرياضة البدنية للنساء
650 0 4 _aالرياضة البدنية - الجوانب الطبية
942 _2ddc
_cBK
999 _c4951
_d4951